000
00303nam a22001337a 4500
008
180119b xxu||||| |||| 00| 0 eng d
020
_a
9780981641102
041
_a
eng
080
_a
33
100
_a
59
101
_a
BIZ
245
_a
Six disciplines execution revolution
_c
HARPST,G
942
_2
udc
_c
BK
999
_c
40551
_d
40551